ZERO TO ONE NOTE ON START UPS OR HOW TO (Record no. 31864)

MARC details
000 -LEADER
fixed length control field 00335nam a2200133Ia 4500
008 - FIXED-LENGTH DATA ELEMENTS--GENERAL INFORMATION
fixed length control field 240624s9999 xx 000 0 und d
041 ## - LANGUAGE CODE
Language code of text/sound track or separate title eng
082 ## - DEWEY DECIMAL CLASSIFICATION NUMBER
Classification number 658.4 THI
100 ## - MAIN ENTRY--PERSONAL NAME
Personal name THIEL PETER
245 ## - TITLE STATEMENT
Title ZERO TO ONE NOTE ON START UPS OR HOW TO
260 ## - PUBLICATION, DISTRIBUTION, ETC.
Date of publication, distribution, etc. 2014
Place of publication, distribution, etc. New Delhi
Name of publisher, distributor, etc. Virgin Books
300 ## - PHYSICAL DESCRIPTION
Extent 210 p.; 22 cm.
365 ## - TRADE PRICE
Currency code RS
Holdings
Withdrawn status Lost status Damaged status Not for loan Home library Current library Shelving location Date acquired Cost, normal purchase price Total Checkouts Full call number Barcode Date last seen Date last checked out Price effective from Koha item type
        IMTN IMTN Rack 28-A 08/23/2019 370.00 7 658.4 THI 31864 01/12/2026 01/10/2026 06/24/2024 Books
Designed & Maintained by: LRC IMT Nagpur Contact: lrc@imtnag.ac.in© 2024. All Rights Reserved.